000 00614nam a2200241Ia 4500
003 OSt
005 20221005101324.0
006 a|||||r|||| 00| 0
007 ta
008 221004b |||||||| |||| 00| 0 eng d
024 _a113326
037 _cTextual
040 _aCRL
_cCRL
_beng
041 _2eng
_aeng
082 _aY:1.45, fP3 (RR)
100 _aFaridani Nicol
_9622068
245 0 _aIran
260 _aTehran
_bYassavoli Iran
_c2003
300 _a328p.
_ccm.
650 _aSOCIOLOGY
942 _hY:1.45, fP3 (RR)
_cTEXL
_2cc
999 _c1006618
_d1006618